Films d'animations Disney et Pixar - Statistiques

Statistiques générales
  • Ce quiz a été pris 45 fois
  • Le résultat moyen est 40 sur 93
Statistiques - réponses
Disney-Pixar % Correct
La Belle et la Bête
83%
Cars
81%
Cendrillon
81%
Raiponce
81%
La Petite Sirène
78%
La Reine des neiges
78%
Le Roi Lion
78%
Toy Story
78%
Vaiana
75%
La Belle au bois dormant
67%
Mulan
67%
Encanto
64%
Rebelle
64%
Vice-Versa
64%
Cars 2
61%
Cars 3
61%
La Belle et le Clochard
61%
Les 101 Dalmatiens
61%
Toy Story 2
61%
Zootopie
61%
Bambi
58%
Coco
58%
Dumbo
58%
Le Monde de Nemo
58%
Les Indestructibles
58%
Tarzan
58%
Toy Story 3
58%
Toy Story 4
58%
La Princesse et la Grenouille
56%
Luca
56%
Peter Pan
56%
Pinocchio
56%
Pocahontas
56%
Aladdin
53%
La Reine des neiges 2
53%
Le Livre de la jungle
53%
Les Aristochats
53%
Ratatouille
53%
Vaiana 2
53%
WALL-E
53%
Hercule
50%
Le Monde de Dory
50%
Blanche-Neige et les Sept Nains
47%
Fantasia
47%
Merlin l’Enchanteur
47%
Soul
47%
Vice-Versa 2
47%
1001 Pattes
44%
Là-haut
44%
Les Indestructibles 2
44%
Alerte Rouge
42%
Le Voyage d’Arlo
42%
Le Bossu de Notre-Dame
39%
Robin des Bois
39%
Rox et Rouky
39%
Winnie l’Ourson
36%
Alice au pays des merveilles
33%
Élémentaire
33%
En avant
33%
Les Nouveaux Héros
33%
Les Trois Caballeros
33%
Raya et le Dernier Dragon
33%
Oliver et Compagnie
31%
Taram et le Chaudron magique
31%
Fantasia 2000
28%
Frère des ours
28%
La Planète au trésor
28%
Les Aventures de Bernard et Bianca
28%
Buzz l’Éclair
25%
Dinosaure
25%
La Ferme se rebelle
25%
Les Mondes de Ralph
25%
Wish
25%
Atlantide, l’empire perdu
22%
Chicken Little
22%
Elio
22%
Monstres Academy
22%
Bernard et Bianca au pays des kangourous
19%
Jumpers
19%
Kuzco, l’empereur mégalo
19%
Monstres & Cie
19%
Basil, détective privé
17%
Ralph 2.0
17%
Volt, star malgré lui
17%
Bienvenue chez les Robinson
14%
La Boîte à musique
14%
Lilo et Stitch
14%
Mélodie Cocktail
14%
Saludos Amigos
14%
Coquin de printemps
11%
Le Crapaud et le Maître d’école
11%
Les Aventures de Winnie l’Ourson
11%
Avalonia, l’étrange voyage
8%
Aucun quiz correspondant
Distribution des résultats
% des personnes avec chaque résultat
Percentile par nombre de réponses
Votre historique - résultats
Vous n’avez pas pris ce quiz